| Tag |
First Indicator |
Second Indicator |
Subfields |
| LEADER |
00000cam a2200000 a 4500 |
| 001 |
in00000019721 |
| 005 |
20220103114356.0 |
| 007 |
cr unu a |
| 008 |
880705s1986 xx a b 00010 eng d |
| 035 |
|
|
|9 AAB2546AM
|
| 035 |
|
|
|a (OCoLC)18170353
|
| 040 |
|
|
|a TXA
|c TXA
|d UtOrBLW
|
| 043 |
|
|
|a n-cn---
|
| 049 |
|
|
|a TXAZ [Also in] [Archives]
|c 1 [A10711650], 2 [A10711707]
|
| 099 |
|
|
|a 1986
|a Thesis
|a A512
|
| 100 |
1 |
|
|a Amer, Christopher Francis,
|d 1951-
|
| 245 |
1 |
4 |
|a The construction of the Browns Bay Vessel /
|c by Christopher Francis Amer.
|
| 264 |
|
1 |
|a [Place of publication not identified] :
|b [publisher not identified] ;
|c 1986.
|
| 300 |
|
|
|a xii, 152 leaves :
|b illustrations ;
|c 29 cm.
|
| 336 |
|
|
|a text
|b txt
|2 rdacontent
|
| 337 |
|
|
|a computer
|b c
|2 rdamedia
|
| 338 |
|
|
|a online resource
|b cr
|2 rdacarrier
|
| 500 |
|
|
|a "Major subject: Anthropology."
|
| 500 |
|
|
|a Typescript (photocopy).
|
| 500 |
|
|
|a Vita.
|
| 502 |
|
|
|b M.A.
|c Texas A&M University
|d 1986.
|
| 504 |
|
|
|a Bibliography: leaves 126-128.
|
| 530 |
|
|
|a Also available online.
|
| 650 |
|
0 |
|a Browns Bay Vessel (Ship)
|
| 650 |
|
0 |
|a Excavations (Archaeology)
|z Saint Lawrence River.
|
| 650 |
|
0 |
|a Gunboats.
|
| 650 |
|
4 |
|a Major anthropology.
|
| 856 |
4 |
1 |
|u https://hdl.handle.net/1969.1/ETD-TAMU-1986-THESIS-A512
|z Link to OAKTrust copy
|t 0
|
| 999 |
|
|
|a MARS
|
| 999 |
f |
f |
|s 35bd69c5-735f-3648-be38-beb8699e2524
|i c8476583-de17-3a60-8e65-bca788bc3073
|t 0
|
| 952 |
f |
f |
|p noncirc
|a Texas A&M University
|b J.J. Pickle Campus
|c High Density Repository
|s HDR
|d Remote Storage
|t 0
|e 1986 Thesis A512
|h Other scheme
|i computer -- online resource
|m A14840989681
|
| 952 |
f |
f |
|a Texas A&M University
|b College Station
|c Electronic Resources
|s www_evans
|d Available Online
|t 0
|e 1986 Thesis A512
|h Other scheme
|
| 998 |
f |
f |
|a 1986 Thesis A512
|t 0
|l Available Online
|
| 998 |
f |
f |
|a 1986 Thesis A512
|t 0
|l Remote Storage
|